| 000 -LEADER |
| fixed length control field |
00640cam a2200181 a 4500 |
| 020 ## - INTERNATIONAL STANDARD BOOK NUMBER |
| ISBN |
9065441794 |
| 020 ## - INTERNATIONAL STANDARD BOOK NUMBER |
| ISBN |
3787540229 (Metzner) |
| 040 ## - CATALOGING SOURCE |
| Transcribing agency |
DLC |
| 082 00 - DEWEY DECIMAL CLASSIFICATION NUMBER |
| Classification number |
346.43/065 |
| -- |
344 A.ME 1984 A078 Or. |
| 100 1# - MAIN ENTRY--AUTHOR NAME |
| Personal name |
Jung, Harald, |
| 245 10 - TITLE STATEMENT |
| Title |
Starting business operations in Germany : |
| Remainder of title |
a practical guide with emphasis on sales agency agreements, limited liability companies, branch operations / |
| 260 ## - PUBLICATION, DISTRIBUTION, ETC. (IMPRINT) |
| Place of publication |
Deventer, Netherlands : |
| Name of publisher |
Kluwer ; |
| Place of publication |
Frankfurt am Main, Germany : |
| Name of publisher |
A. Metzner, |
| Year of publication |
1984. |
| 300 ## - PHYSICAL DESCRIPTION |
| Number of Pages |
79 p. ; |
| Dimensions |
24 cm. |
| 500 ## - GENERAL NOTE |
| General note |
Includes index. |
| 650 #0 - SUBJECT ADDED ENTRY--TOPICAL TERM |
| Topical Term |
Business enterprises |
| 700 1# - ADDED ENTRY--PERSONAL NAME |
| Personal name |
Gres, Joachim. |
| 942 ## - ADDED ENTRY ELEMENTS (KOHA) |
| Koha item type |
សៀវភៅភាសាអង់គ្លេស |
| 952 ## - LOCATION AND ITEM INFORMATION (KOHA) |
| Withdrawn status [LOCAL, KOHA] |
0 |